[Event "Ufa Penzina Memorial"]
[Site "Ufa"]
[Date "2023.08.11"]
[Round "6"]
[White "Akhmetova, Karina"]
[Black "Idrisova, Roza"]
[Result "1/2-1/2"]
[WhiteElo "1850"]
[BlackElo "1860"]
[PlyCount "96"]
[EventDate "2023.08.06"]
[EventType "swiss"]
[EventRounds "9"]
[EventCountry "RUS"]
[SourceTitle "CBM 215 Extra"]
[Source "ChessBase"]
[SourceDate "2023.09.30"]
[SourceVersion "1"]
[SourceVersionDate "2023.09.30"]
[SourceQuality "1"]

1. c4 b6 2. Nc3 Bb7 3. d4 Nf6 4. Nf3 e6 5. g3 Be7 6. Bg2 d5 7. 0-0 0-0 8. Ne5 c5 9. e3 Nc6 10. cxd5 exd5 11. b3 Rc8 12. Bb2 cxd4 13. Nxc6 Bxc6 14. Qxd4 Bc5 15. Qf4 Bd6 16. Qg5 h6 17. Qf5 d4 18. exd4 Bxg2 19. Kxg2 Bb4 20. Qd3 Bxc3 21. Bxc3 Qd5+ 22. f3 Rfd8 23. Rfe1 Qd7 24. Re2 Nd5 25. Bd2 a5 26. Rae1 a4 27. Re5 axb3 28. axb3 Qc6 29. R1e2 Re8 30. Qf5 Red8 31. Qg4 Nf6 32. Qh4 Nh7 33. Re7 Re8 34. Rxe8+ Rxe8 35. Rxe8+ Qxe8 36. Qe4 Qd8 37. Bb4 Nf6 38. Qe5 Nd5 39. Bd6 Qa8 40. b4 Qc6 41. g4 Nf6 42. b5 Qc2+ 43. Kg3 Qc1 44. Kf2 Qd2+ 45. Kg3 Qc1 46. Kf2 Qd2+ 47. Kf1 Qd1+ 48. Kf2 Ne8 1/2-1/2